| 000 | 00635nam a2200217 a 4500 | ||
|---|---|---|---|
| 005 | 20140310183456.0 | ||
| 008 | 091116s19uu xx 00 eng d | ||
| 020 | _a9789810697020 | ||
| 050 |
_aTK 7885 _b.An628 2008 |
||
| 100 | _aAnfinson, David | ||
| 245 |
_aIT essentials : _bPC hardware and software companion guide / |
||
| 250 | _a3rd ed. | ||
| 260 |
_aJurong, Singapore : _bPesron Eduvcation South Asia Pte. Ltd, _c2008. |
||
| 300 |
_a616 p. : _bill. ; _c26 cm. |
||
| 521 | _aIT | ||
| 650 | _aInformation technology essentials. | ||
| 700 | _aQuamme, Ken | ||
| 942 |
_cBK _2lcc _kFOR |
||
| 999 |
_c23645 _d23645 |
||